Loading...
| Literature - British Literature | 0 | 4 | 0 | 0 | 40 | 94 | 112.25 | 2 | 3 |
| Science - Biology | 0 | 3 | 1 | 1 | 25 | 92 | 105.67 | 1 | 3 |
| Literature - American Literature | 1 | 2 | 2 | 0 | 25 | 43 | 87.67 | 2 | 3 |
| Fine Arts - Visual Fine Arts | 1 | 1 | 1 | 0 | 20 | 29 | 78.00 | 1 | 2 |
| History - World History | 1 | 1 | 1 | 1 | 20 | 62 | 88.00 | 1 | 2 |
| Science - Chemistry | 0 | 1 | 0 | 1 | 10 | 138 | 138.00 | 0 | 1 |
| Literature - European Literature | 1 | 0 | 1 | 0 | 10 | 83 | 83.00 | 1 | 1 |
| Fine Arts - Auditory Fine Arts | 0 | 1 | 0 | 0 | 10 | 117 | 117.00 | 0 | 1 |
| History - European History | 0 | 0 | 1 | 0 | -5 | 0.00 | 0 | 0 | |
| Literature - World Literature | 0 | 0 | 1 | 0 | -5 | 0.00 | 0 | 0 |